Guess the College Logo - Zoomed In 2 - Statistics

General Stats
  • This quiz has been taken 35 times
  • The average score is 13 of 16
Answer Stats
Picture Answer % Correct
Miami Hurricanes
100%
Auburn Tigers
93%
Iowa Hawkeyes
90%
USC Trojans
90%
Tennessee Volunteers
87%
Texas Longhorns
87%
Florida State Seminoles
83%
Notre Dame Fighting Irish
83%
Wisconsin Badgers
83%
Kansas Jayhawks
80%
Michigan State Spartans
80%
Purdue Boilermakers
80%
Oregon State Beavers
67%
South Carolina Gamecocks
63%
Texas Tech Red Raiders
60%
Tulsa Golden Hurricane
43%
No matching quizzes found
Score Distribution
Percent of People with Each Score
Percentile by Number Answered
Your Score History
You have not taken this quiz